[Event "ROM-ch U14"]
[Site "Calimanesti"]
[Date "2018.03.27"]
[Round "1"]
[White "Padurariu, Mihai Edward"]
[Black "Chiorescu, Vlad"]
[Result "1-0"]
[WhiteElo "2107"]
[BlackElo "1478"]
[PlyCount "53"]
[EventDate "2018.03.27"]
[EventType "swiss"]
[EventRounds "9"]
[EventCountry "ROU"]
[SourceTitle "CBM 183 Extra"]
[Source "ChessBase"]
[SourceDate "2018.04.19"]
[SourceVersion "1"]
[SourceVersionDate "2018.04.19"]
[SourceQuality "1"]

1. d4 Nf6 2. Bg5 e6 3. Nd2 Be7 4. e3 0-0 5. Bd3 d5 6. c3 c5 7. f4 Nc6 8. Bxf6 Bxf6 9. Ngf3 c4 10. Bc2 b5 11. 0-0 a5 12. e4 b4 13. Ne5 Bxe5 14. fxe5 Ne7 15. Qf3 Bb7 16. Rae1 Ng6 17. exd5 Bxd5 18. Be4 Rb8 19. Bxd5 exd5 20. Qe3 bxc3 21. bxc3 Rb2 22. a4 Ra2 23. Rf2 Rxa4 24. e6 Ne7 25. exf7+ Rxf7 26. Qe6 Qe8 27. Ref1 1-0

[Event "ROM-ch U14"]
[Site "Baile Felix"]
[Date "2017.02.05"]
[Round "5"]
[White "Anton, Claudiu George Alex"]
[Black "Chiorescu, Vlad"]
[Result "1-0"]
[WhiteElo "1576"]
[BlackElo "1326"]
[PlyCount "113"]
[EventDate "2017.02.02"]
[EventType "swiss"]
[EventRounds "9"]
[EventCountry "ROU"]
[SourceTitle "CBM 176 Extra"]
[Source "ChessBase"]
[SourceDate "2017.03.02"]
[SourceVersion "1"]
[SourceVersionDate "2017.03.02"]
[SourceQuality "1"]

1. e4 b6 2. d4 Bb7 3. Nc3 e6 4. Be2 Bb4 5. Bf3 Nf6 6. e5 Nd5 7. Bd2 c5 8. Nxd5 Bxd2+ 9. Qxd2 Bxd5 10. Bxd5 exd5 11. dxc5 bxc5 12. Qxd5 Na6 13. Nf3 Qa5+ 14. c3 Rb8 15. Rb1 Nc7 16. Qc4 0-0 17. 0-0 Rfe8 18. Rfd1 Red8 19. Ng5 Ne6 20. Ne4 Qc7 21. Nd6 Rb6 22. f4 Rdb8 23. f5 Nd8 24. b3 Qc6 25. Rd3 Ra6 26. Rg3 Rxa2 27. f6 g6 28. Qh4 Qd5 29. Qh6 Ne6 30. h3 Qxe5 31. Re3 Qxf6 32. Rf1 Qg5 33. Qxg5 Nxg5 34. Re7 f5 35. Rxd7 Rd2 36. Re1 Rf8 37. Ree7 Nf7 38. Nxf7 Rxd7 39. Nh6+ Kh8 40. Rxd7 Rb8 41. Rxa7 Rxb3 42. c4 Rb1+ 43. Kh2 Rc1 44. Nf7+ Kg8 45. Ne5 Re1 46. Nd3 Re4 47. Ra4 Re2 48. Nxc5 Rc2 49. Nb7 f4 50. Kg1 h5 51. Nd6 g5 52. Ra5 f3 53. gxf3 Rc1+ 54. Kg2 h4 55. Rxg5+ Kf8 56. Rg4 Rc2+ 57. Kf1 1-0

[Event "ROM-ch U12"]
[Site "Calimanesti"]
[Date "2015.04.02"]
[Round "5"]
[White "Dobrin, Ionut Alexandru"]
[Black "Chiorescu, Vlad"]
[Result "1-0"]
[WhiteElo "1531"]
[BlackElo "1189"]
[PlyCount "61"]
[EventDate "2015.03.30"]
[EventType "swiss"]
[EventRounds "9"]
[EventCountry "ROU"]
[SourceTitle "CBM 165 Extra"]
[Source "ChessBase"]
[SourceDate "2015.04.21"]
[SourceVersion "1"]
[SourceVersionDate "2015.04.21"]
[SourceQuality "1"]

1. d4 Nf6 2. c4 e5 3. dxe5 Ng4 4. Nf3 Bc5 5. e3 Nc6 6. Nc3 0-0 7. Be2 Re8 8. 0-0 Ngxe5 9. b3 a5 10. Bb2 Bf8 11. Nd5 Nxf3+ 12. Bxf3 Ne7 13. Bh5 Ng6 14. Qc2 d6 15. f4 c6 16. Nc3 Qb6 17. Nd1 Qc5 18. f5 Ne5 19. Bd4 Qa3 20. Nc3 c5 21. Nb5 Qb4 22. a3 Qxb5 23. cxb5 cxd4 24. exd4 Nd7 25. Qc4 g6 26. fxg6 hxg6 27. Qxf7+ Kh8 28. Bxg6 Bg7 29. Qxe8+ Nf8 30. Rxf8+ Bxf8 31. Qxf8# 1-0

[Event "ROM-ch U10"]
[Site "Calimanesti"]
[Date "2014.04.09"]
[Round "4"]
[White "Bordei, Rares Gabriel"]
[Black "Chiorescu, Vlad"]
[Result "1-0"]
[WhiteElo "1088"]
[BlackElo "1205"]
[PlyCount "109"]
[EventDate "2014.04.06"]
[EventType "swiss"]
[EventRounds "9"]
[EventCountry "ROU"]
[SourceTitle "CBM 160 Extra"]
[Source "ChessBase"]
[SourceDate "2014.07.01"]
[SourceVersion "1"]
[SourceVersionDate "2014.07.01"]
[SourceQuality "1"]

1. d4 Nf6 2. Nf3 c5 3. Bg5 Ne4 4. Bf4 Na6 5. e3 d6 6. Bd3 Bf5 7. Nc3 Qa5 8. Bxe4 Bxe4 9. 0-0 Bc6 10. Re1 g6 11. h3 Bg7 12. Qd3 Bxf3 13. gxf3 0-0 14. Kf1 Nb4 15. Qd2 Qa6+ 16. Ne2 Qc4 17. c3 Nd3 18. b3 Qa6 19. Red1 Nxf4 20. exf4 cxd4 21. cxd4 Qb5 22. Rac1 Qf5 23. Ng1 e5 24. fxe5 dxe5 25. dxe5 Bxe5 26. Qd3 Qh5 27. Rc5 b6 28. Rb5 Rac8 29. Qd5 Rfe8 30. Re1 Bc3 31. Rxe8+ Rxe8 32. Qxh5 gxh5 33. Rxh5 Re1+ 34. Kg2 Ra1 35. a4 Rb1 36. Rb5 Bd4 37. Ne2 Bc5 38. a5 a6 39. Nc3 Rb2 40. Na4 Rxf2+ 41. Kg3 axb5 42. Nxc5 Re2 43. axb6 Re8 44. Nd7 Rd8 45. b7 Kg7 46. b8Q Rxb8 47. Nxb8 Kf6 48. Kf4 Ke6 49. Kg5 Kd5 50. Na6 Kd4 51. Kh6 Kc3 52. Kxh7 Kxb3 53. h4 b4 54. Nxb4 Kxb4 55. h5 1-0